000 00652cab a2200205 4500
001 ABS39987
008 090401t1988 xxu||||| |||| 00| 0 eng d
035 _a(Sirsi) u20462
041 _aeng
100 _aClark, P.
245 _aCommission delves into Act`s defects
260 _c1988
350 _a0
490 _aEstates Times
_v(970) 11 November 1988, 14(1)
520 _aA brief report on a recent Law Commission Working Paper which has suggested a number of reforms to the Landlord and Tenant Act 1954 Part II .
650 _aBUSINESS TENANCIES
690 _aLANDLORD AND TENANT-BUSINESS TENANCIES
942 _n0
948 _c04/03/1997
999 _c13710
_d13710